000 00300nam a22001337a 4500
020 _a978-81-265-1767-1
041 _aENG
100 _aBudhi.M
245 _aSoil Mechanics And Foundations
260 _aDelhi
_bWiley India PVt.Ltd
_c2008
300 _a634
650 _aSWCE
856 _uSWCE ( 43 )
999 _c1971
_d1971